000 00661nam a22001935i 4500
001 164113
003 ES-MaACL
005 20251015063144.0
008 981002s1889 sp |||| | spa d
040 _aCLM
_bspa
_cCCPB | 3D
100 1 _aRueda, Salvador,
_d1857-1933
_9100515
245 1 0 _aEstrellas errantes /
_cSalvador Rueda.
260 _aMadrid :
_b[s.n.],
_c1889 (
_fTipografía de "El crédito público")
300 _a73 p. ;
_c19 cm.
599 _aLitog. de Salvador Rueda firmada por Laporta.
700 1 _aLaporta, Francisco,
_d1850-1914
_9152865
852 _aES-MaACL
_jF-10856(2)
_z-- Enc. pasta española
999 _c164113
_d164113